Nghiên cứu tính chiết tách, xác định thành phần Ancaloit trong hạt cau lùn
Tổng quan đề tài. Nguyên liệu và phương pháp. Kết quả và thảo luận
Tallennettuna:
| Päätekijä: | |
|---|---|
| Muut tekijät: | |
| Aineistotyyppi: | Kirja |
| Kieli: | Vietnamese |
| Julkaistu: |
Đà Nẵng
Đại học Đà Nẵng
2011
|
| Aiheet: | |
| Tagit: |
Lisää tagi
Ei tageja, Lisää ensimmäinen tagi!
|
| Thư viện lưu trữ: | Mạng thư viện Đại học Đà Nẵng |
|---|
| LEADER | 01488nam a2200361 4500 | ||
|---|---|---|---|
| 001 | 000010545 | ||
| 003 | 6750 | ||
| 005 | 20111215091248.0 | ||
| 008 | 111215s2011 viesd | ||
| 041 | |a vie | ||
| 072 | |a Luận văn Thạc sĩ khoa học | ||
| 082 | |a 661.806 |b NG-D | ||
| 100 | 1 | |a Ngô Văn Dũng | |
| 245 | 1 | |a Nghiên cứu tính chiết tách, xác định thành phần Ancaloit trong hạt cau lùn |c Ngô Văn Dũng | |
| 260 | |a Đà Nẵng |b Đại học Đà Nẵng |c 2011 | ||
| 300 | |a 83 tr |b bảng, hình |c 29 cm |e 1 tóm tắt, 1 đĩa CD | ||
| 500 | |a Luận văn Thạc sĩ Khoa học. Chuyên ngành: Hóa hữu cơ. Mã số: 60.44.27 | ||
| 520 | |a Tổng quan đề tài. Nguyên liệu và phương pháp. Kết quả và thảo luận | ||
| 653 | |a Cấu trúc và phân loại ancaloit | ||
| 653 | |a Luận văn Thạc sĩ Hóa hữu cơ | ||
| 653 | |a Phương pháp chiết chất rắn | ||
| 653 | |a Hóa học | ||
| 700 | 1 | |a Đào hùng Cường |c GS.TS |e Hướng dẫn | |
| OWN | |a LSP | ||
| AVA | |a UDN50 |b LSP |d 661.806 NG-D |e available |t Error 5001 Not defined in file expand_doc_bib_avail. |f 1 |g 0 |h N |i 0 |k 1 | ||
| 999 | |a From the UDN01 | ||
| AVA | |a UDN50 |b LSP |d 661.806 NG-D |e available |t Error 5001 Not defined in file expand_doc_bib_avail. |f 1 |g 0 |h N |i 0 |k 1 | ||
| TYP | |a Monograph | ||
| TYP | |a Printed language | ||
| 980 | |a Mạng thư viện Đại học Đà Nẵng | ||